zpět

Detail výsledku týmu

Kozlovka, Hradec Králové

Datum a čas kvízu

16.5 Celkem bodů Celkový počet nahraných bodů na tomto kvízu bez doplňovacích otázek.
11. Pořadí na kvízu Konečné umístění týmu na tomto kvízu.

Zaznamenané odpovědi

# Otázka Odpověď Body Výsledky
1. Kvízy obvykle začínáme aktuali... Tom Hanks 1
2. Mladou herečku Sadii Sink může... Velryba 1
3. Která sportovkyně se krátce mi... Eva Adamczyková (Samková) 0
4. Ke kterému českému snímku se v... Banger! 1
5. V prostředí kterého sportu se... D 1
6. Jedním z mnoha lety prověřenýc... 1A 2B 3C 4D 0
7. Kterou filmovou postavu pojmen... Forresta Gumpa 0
8. V minulé dekadě začal velký bo... Wakanda, vibranium 1
9. Uveďte příjmení profesora z fi... Hrbolek 0
10. Policisté William Somerset a D... Sedm 0